| 000 -LEADER |
| fixed length control field |
00676cam a22001691 4500 |
| 040 ## - CATALOGING SOURCE |
| Transcribing agency |
DLC |
| 082 00 - DEWEY DECIMAL CLASSIFICATION NUMBER |
| Classification number |
371 ALL 1964 A089 Or. |
| 100 1# - MAIN ENTRY--AUTHOR NAME |
| Personal name |
Cowell, Charles Clarence, |
| 245 10 - TITLE STATEMENT |
| Title |
Modern principles and methods in secondary school physical education |
| 250 ## - EDITION STATEMENT |
| Edition statement |
2d ed. |
| 260 ## - PUBLICATION, DISTRIBUTION, ETC. (IMPRINT) |
| Place of publication |
Boston, |
| Name of publisher |
Allyn and Bacon, |
| Year of publication |
1964. |
| 300 ## - PHYSICAL DESCRIPTION |
| Number of Pages |
xii, 418 p. |
| Other physical details |
illus. |
| Dimensions |
24 cm. |
| 500 ## - GENERAL NOTE |
| General note |
First published in 1958 under title: Modern principles and methods in high school physical education; third ed. published in 1973 under title: Modern Methods in secondary school physical education. |
| 650 #0 - SUBJECT ADDED ENTRY--TOPICAL TERM |
| Topical Term |
Physical education and training. |
| 700 1# - ADDED ENTRY--PERSONAL NAME |
| Personal name |
Schwehn, Hilda Marie, |
| 942 ## - ADDED ENTRY ELEMENTS (KOHA) |
| Koha item type |
សៀវភៅភាសាអង់គ្លេស |
| 952 ## - LOCATION AND ITEM INFORMATION (KOHA) |
| Withdrawn status [LOCAL, KOHA] |
0 |